Haluatko miljonääriksi: Miljoonan euron kysymyksiä - Statistics

Yleistilastot
  • Tätä visaa on pelattu 810 kertaa
  • Keskiarvotulos 2 / 8
Vastaustilastot
Kysymys Vastaus % Oikein
Kuka merirosvo kuoli taistelussa lähellä nykyisin tunnettua Pohjois-Carolinan rannikkoa vuonna 1718? Mustaparta
62%
Millä nimellä tunnetaan numero, jossa on ykkösen perässä sata nollaa? Googol
53%
Kuka USA:n presidenteistä vieraili amerikkalaisessa televisiokomediassa Laugh-In? Richard Nixon
43%
Mitä tarkoittaa havaijin kielen sana "wiki", jonka mukaan Wikipediakin on saanut nimensä? Nopeaa
27%
Kuka varasti Mona Lisan Louvren taidemuseosta vuonna 1911? Vincenzo Peruggia
22%
Ikoninen yhdysvaltalaishahmo Uncle Sam eli Setä Samuli perustui Samuel Wilsoniin. Mikä oli Wilsonin ammatti vuoden 1812 sodan aikaan? Lihatarkastaja
16%
Mikä hyönteinen teki oikosulun supertietokoneen aikaiseen versioon, ja tästä juontuu termi "tietokonebugi"? Koi
15%
Minkä maan eräässä kaupungissa ukraina hyväksyttiin toiseksi viralliseksi kieleksi? Brasilian
7%
Ehtoja vastaavia visoja ei löytynyt
Tulosjakauma
Jokaisen tuloksen saaneiden osuus
Persentiili vastausten määrän mukaan
Tuloshistoriasi
Et ole pelannut tätä visaa